| 000 | 00490nam a2200181Ia 4500 | ||
|---|---|---|---|
| 008 | 240925s9999 xx 000 0 und d | ||
| 020 | _aNA | ||
| 082 | _a620.00420285 AUT | ||
| 100 | _aAutoCAD - - | ||
| 245 | 0 | _aTutorial AutoLISP: installation and performance progammer's reference tutorial | |
| 250 | _a1st | ||
| 260 |
_aNA _bNot Available _c,1989. |
||
| 300 |
_alxii,1754p. _bNA _fPhotocopy |
||
| 500 | _aNA | ||
| 600 | _aElectronic Engineering | ||
| 650 | _aTechnology | ||
| 942 | _cBK | ||
| 999 |
_c3237 _d3237 |
||